The Office: What Comes Next? Quiz Stats

 Plays Quiz not verified by Sporcle

Score 0/15 Timer 05:00
0 Plays Today
% Correct
Michael leaves the conference room to get a glass of water.
85.6%
Jim slaps Dwight.
84.6%
Michael tackles Jim
77.1%
Meredith gets hit by a car.
71.8%
Dwight beats Andy's car with a bike chain.
71.8%
Jan throws a Dundy at Michael's TV.
66%
Jim kisses Pam.
64.4%
Michael throws a Snickers bar at an unsuspecting student.
63.3%
% Correct
Michael rips off his homemade Livestrong bracelet.
62.2%
Dwight knocks Stanley's coffee cup from his hand.'
52.1%
Michael throws up.
46.8%
Kelly smears a piece of pizza on Ryan's face.
42.6%
Michael's diary is being read.
37.2%
Michael falls off of the toilet.
36.7%
Michael storms off with wet pants.
34%

You're not logged in!

Compare scores with friends on all Sporcle quizzes.
OR
Log In

Sporcle TV

Today on Sporcle TV


Watch our educational content, quiz creation guides, and fun videos on Sporcle TV.

Show Comments

Extras

Top Quizzes Today


Score Distribution

Your Account Isn't Verified!

In order to create a playlist on Sporcle, you need to verify the email address you used during registration. Go to your Sporcle Settings to finish the process.

Report this User

Report this user for behavior that violates our Community Guidelines.

Details: